00313pam a2200121 a 4500020000500000041000500005082001300010100001600023245007300039260005400112300001100166700001400177 c h a302bBAR aBaron, R.A. aSocial Psychology Understanding Human InteractionhTextual Documents aNew DelhibPrentice Hall Of India Private Limited a699/PB aByrne, D.